A practical guide to environmental issues in commercial property transactions (Record no. 105095)
[ view plain ]
| 000 -LEADER | |
|---|---|
| fixed length control field | 01579cam a2200253 4500 |
| 001 - CONTROL NUMBER | |
| control field | ##L132318 |
| 008 - FIXED-LENGTH DATA ELEMENTS--GENERAL INFORMATION | |
| fixed length control field | 060125n2006 000 0 eng u |
| 020 ## - INTERNATIONAL STANDARD BOOK NUMBER | |
| International Standard Book Number | 1903927609 |
| 035 ## - SYSTEM CONTROL NUMBER | |
| System control number | (Sirsi) u132318 |
| 041 0# - LANGUAGE CODE | |
| Language code of text/sound track or separate title | eng |
| 050 04 - LIBRARY OF CONGRESS CALL NUMBER | |
| Classification number | 614.7026 $2 18 |
| 100 1# - MAIN ENTRY--PERSONAL NAME | |
| Personal name | Loose, Helen |
| 245 02 - TITLE STATEMENT | |
| Title | A practical guide to environmental issues in commercial property transactions |
| 260 ## - PUBLICATION, DISTRIBUTION, ETC. | |
| Place of publication, distribution, etc. | London |
| Name of publisher, distributor, etc. | Legalease |
| Date of publication, distribution, etc. | 2006 |
| 300 ## - PHYSICAL DESCRIPTION | |
| Extent | xii, 372p |
| Dimensions | 23cm. |
| 350 ## - PRICE (NR) (BK AM CF MU VM SE) [OBSOLETE] | |
| Price | 49.95 |
| 505 2# - FORMATTED CONTENTS NOTE | |
| Formatted contents note | Introduction -- What are environmental liabilities -- Environmental due diligence -- The contaminated land regime's transfer of liability rules -- Environmental insurance and problem sites -- Drafting sale agreements and leases -- Drafting business and share purchase agreements -- The liability of lenders and insolvency practitioners -- Post-completion issues -- Environmental policy, legislation and regulation. |
| 520 ## - SUMMARY, ETC. | |
| Summary, etc. | A practical and user-friendly guide on the most common environmental issues and corresponding risk management options that arise in commercial property transactions. Addresses actual or potential environmental liabilities by firstly identifying them in pre-contract enquiries or by due diligence, secondly by apportioning them in the legal documentation or by other means and thirdly by managing them post-completion. Contains tables of cases, statutes, statutory instruments, and European legislation. |
| 590 ## - LOCAL NOTE (RLIN) | |
| Local note | IKA110406 |
| 690 ## - LOCAL SUBJECT ADDED ENTRY--TOPICAL TERM (OCLC, RLIN) | |
| Topical term or geographic name as entry element | ENVIRONMENTAL AND LAND CONSULTANCY-ENVIRONMENTAL MANAGEMENT |
| 700 1# - ADDED ENTRY--PERSONAL NAME | |
| Personal name | Stalbow, Nick |
| 942 ## - ADDED ENTRY ELEMENTS (KOHA) | |
| Suppress in OPAC | 0 |
| Withdrawn status | Lost status | Source of classification or shelving scheme | Damaged status | Not for loan | Home library | Current library | Shelving location | Date acquired | Cost, normal purchase price | Total Checkouts | Full call number | Barcode | Date last seen | Date last checked out | Copy number | Cost, replacement price | Price effective from | Koha item type |
|---|---|---|---|---|---|---|---|---|---|---|---|---|---|---|---|---|---|---|
| Dewey Decimal Classification | London | London | Books | 03/04/2006 | 42.46 | 8 | 614.7026 LOO | 30072794 | 06/08/2019 | 29/08/2009 | 1 | 42.46 | 06/08/2019 | Book |